000 00668nam a2200289Ia 4500
005 20260324135544.0
008 008 260324s9999 xx 000 0 eng d
020 _a9780203186138
037 _aEBOOK
040 _aCRL
040 _beng
040 _cCRL
041 _2eng
041 _aeng
084 _qCRL
100 _aWilliam Lane Craig; J.P. Moreland
_91201044
245 0 _aNaturalism
245 2 _bA Critical Analysis
260 _bTaylor and Francis
260 _c2000
365 _a
365 _b300
856 _uhttp://www.taylorfrancis.com/books/9780203186138
942 _cEBOOK
999 _c1802228
_d1802228